| 000 | 01016cam a22003254a 4500 | ||
|---|---|---|---|
| 001 | 107816 | ||
| 005 | 20230410115545.0 | ||
| 008 | 010428s2002 njua b 001 0 eng | ||
| 035 | _a12394313 | ||
| 010 | _a 2001032317 | ||
| 020 | _a0130903000 | ||
| 040 |
_aDLC _cDLC _dDLC |
||
| 042 | _apcc | ||
| 050 | 1 | 4 |
_aHF 1017 _bB489b 2002 |
| 082 | 0 | 0 | _a519.5 |
| 100 | 1 | _aBerenson, Mark L. | |
| 245 | 1 | 0 |
_aBasic business statistics : _bconcepts and applications / _cMark L. Berenson, David M. Levine, Timothy C. Krehbiel. |
| 250 | _a8th ed. | ||
| 260 |
_aUpper Saddle River, N.J. : _bPrentice Hall, _c2002. |
||
| 300 |
_axx, 850 p. : _bcol. ill. ; _c26 cm. + _e1 computer laser optical disc (4 3/4 in.) |
||
| 504 | _aIncludes bibliographical references and index. | ||
| 650 | 0 | _aCommercial statistics. | |
| 650 | 0 | _aStatistics. | |
| 650 | 4 | _aEstadísticas Comerciales. | |
| 650 | 4 | _aEstadisticas. | |
| 700 | 1 |
_aLevine, David M., _d1946- |
|
| 700 | 1 | _aKrehbiel, Timothy C. | |
| 942 |
_2lcc _cbk |
||
| YSL | _a | ||
| 999 |
_c43552 _d43552 |
||